| 000 | 00429nam a2200133Ia 4500 | ||
|---|---|---|---|
| 005 | 20260328101443.0 | ||
| 008 | 260328s9999||||xx |||||||||||||| ||und|| | ||
| 100 | _aVieira, León | ||
| 245 | 0 |
_aEstudios Arquitectónicos : _b La Catedral - El Municipio - El Reloj Público y La Merced / _cLeón Vieira |
|
| 260 | _bUniversidad Católica de Santiago de Guayaquil | ||
| 300 | _a169 p. | ||
| 650 | _aARQUITECTURA REGIONAL | ||
| 942 | _cBK | ||
| 999 |
_c8345 _d8345 |
||